000 00538nam a2200205Ia 4500
005 20260429112117.0
008 260429s9999||||xx |||||||||||||| ||und||
020 _a9781394355082
041 _aEnglish
082 _a543
_bHOL
100 _aHolloway, michael D.
245 0 _aAnalytical chemistry laboratory companion /
_cmichael D. Holloway
250 _a1st ed.
260 _aNew Jersey :
_bWiley,
_c2025.
300 _axxvii, 791 p.; hb
650 _a Analytics
650 _a Laboratory
650 _aChemistry
942 _cTB
999 _c52405
_d52405